Entry Personal Name
Number of records used in: 3
001 - CONTROL NUMBER
003 - CONTROL NUMBER IDENTIFIER
005 - DATE AND TIME OF LATEST TRANSACTION
- control field:
20221109115025.0
008 - FIXED-LENGTH DATA ELEMENTS
- fixed length control field:
800613n| azannaabn |a aaa
010 ## - LIBRARY OF CONGRESS CONTROL NUMBER
- LC control number:
n 50029659
035 ## - SYSTEM CONTROL NUMBER
- System control number:
(OCoLC)oca00065031
040 ## - CATALOGING SOURCE
- Original cataloging agency:
DLC
- Language of cataloging:
eng
- Description conventions:
rda
- Transcribing agency:
DLC
- Modifying agency:
ICU
- Modifying agency:
TNJ
- Modifying agency:
Uk
- Modifying agency:
TNJ
- Modifying agency:
MX-SlUA
- Modifying agency:
DLC
- Modifying agency:
NcU
046 ## - SPECIAL CODED DATES
- Birth date:
19130917
- Death date:
2002-08
100 1# - HEADING--PERSONAL NAME
- Personal name:
Odum, Eugene P.
- Fuller form of name:
(Eugene Pleasants),
- Dates associated with a name:
1913-2002
370 ## - ASSOCIATED PLACE
- Associated country:
United States
- Source of term:
naf
374 ## - OCCUPATION
- Occupation:
Ecologists
- Source of term:
lcsh
375 ## - GENDER
377 ## - ASSOCIATED LANGUAGE
378 ## - FULLER FORM OF PERSONAL NAME
- Fuller form of personal name:
Eugene Pleasants
400 1# - SEE FROM TRACING--PERSONAL NAME
- Personal name:
Odum, Evgeniĭ,
- Dates associated with a name:
1913-2002
670 ## - SOURCE DATA FOUND
- Source citation:
His Variations in the heart rates of birds ... 1939.
670 ## - SOURCE DATA FOUND
- Source citation:
New York Times, Aug. 14, 2002
- Information found:
(Eugene P. Odum, 88, father of modern ecology, found dead Aug. 10, in his home in Athens, Ga.; b. Sept. 17, 1913 in Chapel Hill, N.C.)
670 ## - SOURCE DATA FOUND
- Source citation:
Wikipedia, 21 Dec. 2007
- Information found:
(Eugene Pleasants Odum (1913-2002))
670 ## - SOURCE DATA FOUND
- Source citation:
Ecología, 1972:
- Information found:
t.p. (Eugene P. Odum)
670 ## - SOURCE DATA FOUND
- Source citation:
LC database, Mar. 16, 2011
- Information found:
(hdg.: Odum, Eugene Pleasants, 1913- ; usage: Eugene P. Odum [predominant form], Eugene Odum)